Регионална библиотека "Любен Каравелов" - Русе

Великолепни стихотворения (Запис номер 89967)

MARC детайли
000 -Лидер
Контролно поле с фиксирана дължина 01398nam a2200325 c 4500
003 - Код на организацията, давaща контролен номер
Контролно поле BLK
005 - Дата и час на последна редакция
Контролно поле 20230516094559.0
008 - Елементи от данни с фиксирана дължина
fixed length control field 180408b bul|||||r ||||||| ||bul||
010 ## - Наследен системен номер
LC control number KNG00094690000
020 ## - Международен стандартен номер на книга ISBN
Международен стандартен номер на книга ISBN 978-954-336-070-3
-- издат.: Стигмати
040 ## - Източник на каталожния запис
Идентификатор на билиотеката - собственик на записа BLK
041 ## - Код за език
Код за езика на текст/звукозапис или на отделно заглавие Български
Код за езика КДБФ Български
080 ## - УДК
Текстов определител УДК Българска литература
УДК код - определител по УДК 821.163.2
УДК определител -1
УДК - код + определител 821.163.2-1
100 1# - Редна дума - Автор
Автор Роканов, Борис Асенов
Авторска отговорност първи автор
R(LIN) 251298
139 ## - Редно поле
Редна дума Роканов, Борис Асенов
Авторски знак Рок - Р 80
245 10 - Сведения за заглавието
Заглавие Великолепни стихотворения
Редно поле (дума) Борис Асенов Роканов; ил. Бенчо Йорданов Обрешков.
250 ## - Област на изданието
Сведения за изданието 2. изд.
257 ## - Страна на издаване
Страна на създаване/издаване България
260 ## - Област на издателските данни
-- София
Име на издателя, разпространителя и проч. Стигмати
Година на издаване 2009
Печатница Пловдив : Нова Принт
300 ## - Физическа характеристика
Страници 40 с.
Илюстрации и др. с ил.
Размери/Мащаб 22х22 см
380 ## - Жанр
Жанр Худож. лит.
500 ## - Общи забележки
Забележка Други ил. : Б. Ангелушев, Д. Киров, Ив. Кирков, Ил. Петров, Л. Зидаров, Л. Диманов, Н. Хаджимладенов, Н. Мирчев. - 1. изд. 2009.
653 ## - Ключова дума – ненормативна
Ключова дума стихотворения
700 1# - Други автори (авторска отговорност)
Лично име Обрешков, Бенчо Йорданов
Дати, свързани с автора 1899-1970
9 (RLIN) 303768
852 ## - Местоположение
Форматна сигнатура Цб 247342
856 4# - Електронен адрес и достъп
Електронен формат pdf - файл
Път до файла /url/
856 4# - Електронен адрес и достъп
Електронен формат pdf - файл
Път до файла /url/
942 ## - АРТИКУЛИ
Вид на библиотечния материал Книги
Скрит в OPAC Не
944 ## - СЪЗДАВАНЕ И РЕДАКЦИЯ на ЗАПИСА
Създаване/Редакция Създаване
Дата на регистрацията/редакция 04.03.2010
Статус, дата на статуса ф /
Служител, извършил регистрацията/редакцията Людмила_Стоянова
944 ## - СЪЗДАВАНЕ И РЕДАКЦИЯ на ЗАПИСА
Създаване/Редакция Редакция
Дата на регистрацията/редакция 11.02.2011
Статус, дата на статуса ф /
Служител, извършил регистрацията/редакцията
999 ## - СИСТЕМНИ КОНТРОЛНИ НОМЕРА
Koha biblionumber 89967
Koha biblioitemnumber 89967
Наличности
Код за отписване Код за изгубен артикул Код за повреда Коз за рестрикции Код за отдаване Артикулен № Име на библиотеката - собственик Име на библиотеката, в която се намира в момента Статус (Текущо местоположение) Дата на вписване в системата Местоположение - отдел Цена в лева Инвентарен номер Систематично азбучна сигнатура Баркод Номер на екземпляра Цена в евро Служебна бележка Служебен тип на артикула Източник на класификационната схема
  Не е изгубен Не е повреден без рестрикции ползва се в читалня 145520 Регионална библиотека "Любен Каравелов" Русе Регионална библиотека "Любен Каравелов" Русе Хранилище 2010-03-02 Хранилище 0.00 120000742566 Цб 247342 120000742566 1 0.00 Дост: Dp Вид: Д N: 36 Дата: 26.08.2009 Книги  
Изтеглен Не е изгубен Не е повреден без рестрикции заемане за дома 145521 Регионална библиотека "Любен Каравелов" Русе Регионална библиотека "Любен Каравелов" Русе Заемна - подръчен фонд 2011-02-02 Заемна - подръчен фонд 3.99 120000748996 П 886.7-1/Р 80 120000748996 2 2.04 Дост: DA Вид: А N: 3 Дата: 02.02.2011 Дата инв: 15.02.2018 Бележки инв: П2018 Книги Universal Decimal Classification
Vip Innovations Ltd, Rousse, Bulgaria 2025